Železo v krvi : Ťažký priemysel východného bloku /

Gespeichert in:
Bibliographische Detailangaben
Hauptverfasser: Mácha, Viktor (Verfasst von, Fotografie), Belláková, Eva, 1988- (Verfasst von), Motýl, Ivan (Verfasst von)
Format: Buch
Sprache:Slowakisch
Veröffentlicht: Bratislava : Čierne Diery, 2025
Ausgabe:1. vydanie
Schlagworte:
Tags: Tag hinzufügen
Keine Tags, Fügen Sie das erste Tag hinzu!

MARC

LEADER 00000nam a22000003a 4500
001 0119142
003 SK-STU
005 20251219095018.8
007 ta
008 251219s ----xo-----e------000-0-----d
020 |a 978-80-69103-03-0 
040 |a STU  |b slo 
041 0 |a slo 
044 |a xo 
100 1 |a Mácha, Viktor  |4 pht 
245 1 0 |a Železo v krvi :  |b Ťažký priemysel východného bloku /  |c fotogr. Viktor Mácha, Viktor Mácha, Eva Belláková, Ivan Motýl 
250 |a 1. vydanie 
260 |a Bratislava :  |b Čierne Diery,  |c 2025 
300 |a 352 s. 
650 0 7 |a bane 
650 0 7 |a vysoké pece 
650 0 7 |a zariadenie zlievarne 
650 0 7 |a Kováčne 
650 0 7 |a obrábanie 
650 0 7 |a obytné budovy 
650 0 7 |a priemyselné stavby 
700 1 |a Mácha, Viktor  |4 aut 
700 1 |a Belláková, Eva,  |d 1988-  |u 050000  |r Z3  |4 aut  |T FAD Fakulta architektúry a dizajnu  |X 48849  |U A  |Y 50  |7 A000048849 
700 1 |a Motýl, Ivan  |4 aut 
996 |b 284AU10567  |c A* 13741/U  |l AAKNAR  |s A  |a 24  |w 0119142_0001